Central Library OPAC University of Rajshahi

The Indian middle classes : (Record no. 35063)

MARC details
000 -LEADER
fixed length control field 00839cam a2200241 4500
001 - CONTROL NUMBER
control field 35063
003 - CONTROL NUMBER IDENTIFIER
rucl marc code BD-RjUL
005 - DATE AND TIME OF LATEST TRANSACTION
control field 20211209052243.0
008 - FIXED-LENGTH DATA ELEMENTS--GENERAL INFORMATION
fixed length control field 140520s1961 enk b 001 0 eng
035 ## - SYSTEM CONTROL NUMBER
System control number (BD-RjUL)35157
-- OCLC ocm00262070 from D970102M
040 ## - CATALOGING SOURCE
Original cataloging agency DLC
Transcribing agency WSU
Modifying agency BD-RjUL
Language of cataloging eng
041 ## - LANGUAGE CODE
Language code of text/sound track or separate title eng
082 ## - DEWEY DECIMAL CLASSIFICATION NUMBER
Classification number 301.44
Author mark and year MII 1961
100 1# - MAIN ENTRY--PERSONAL NAME
Personal name Misra, B. B.
Fuller form of name (Bankey Bihari),
Dates associated with a name 1909-
9 (RLIN) 23351
245 14 - TITLE STATEMENT
Title The Indian middle classes :
Remainder of title their growth in modern times /
Statement of responsibility, etc. B.B. Misra ; issued under the auspices of the Royal Institute of International Affairs.
260 ## - PUBLICATION, DISTRIBUTION, ETC. (IMPRINT)
Place of publication, distribution, etc. London ;
-- New York :
Name of publisher, distributor, etc. Oxford University Press,
Date of publication, distribution, etc. c1961.
300 ## - PHYSICAL DESCRIPTION
Pagination viii, 438 p. ;
Size 23 cm.
504 ## - BIBLIOGRAPHY, ETC. NOTE
Bibliography, etc Includes bibliography and index.
650 #0 - SUBJECT ADDED ENTRY--TOPICAL TERM
Topical term or geographic name as entry element Middle class
Geographic subdivision India.
9 (RLIN) 106763
942 ## - ADDED ENTRY ELEMENTS (KOHA)
Source of classification or shelving scheme Dewey Decimal Classification
Koha item type Books
Holdings
Lost status Source of classification or shelving scheme Damaged status Not for loan Collection code Permanent Location Current Location Shelving location Date acquired Source of acquisition Cost, normal purchase price Total Checkouts Full call number Date last seen Copy number Koha item type
  Dewey Decimal Classification   Not For Loan Non-fiction Central Library, University of Rajshahi Central Library, University of Rajshahi Reading Room 14/09/1964 Zeitlinger 45.00   301.44 MII 1961 20/05/2014 C-1 Books